000
00305nam a2200121Ia 4500
008
150201s2008 xx 000 0 und d
082
_a
615
_b
P08K
100
_a
KATARE,DEEPSHIKHA P
245
_a
PHARMACEUTICAL BIOCHEMISTRY
260
_b
CAPITAL PUB.
_a
DELHI
_c
2008
650
_a
BIOCHEMISTRY
942
_2
ddc
_c
BK
999
_c
917
_d
917